Matemáticas 3 : (Registro nro. 9617)

Detalles MARC
000 -LIDER
fixed length control field 01777nam a2200361 a 4500
001 - NÚMERO DE CONTROL
Identificador de número de control 000020380
003 - IDENTIFICACDOR DE NÚMERO DE CONTROL
control field DO-SdBNP
005 - DATE AND TIME OF LATEST TRANSACTION
control field 20180309131410.0
007 - CAMPOS FIJOS DE DESCRIPCIÓN FÍSICA
fixed length control field 000020380
008 - ELEMENTOS DE LONGITUD FIJA
fixed length control field 150130s2014 dr ac 000 0 spa d
020 ## - ISBN
International Standard Book Number 9789945118377 (v.1)
020 ## - ISBN
International Standard Book Number 9789945118148 (v.2)
040 ## - FUENTE DE CATALOGACIÓN
Agencia que crea de manera original el registro BPMSU
Idioma de catalogación spa
Agencia que realiza la transcripción BPMSU
092 ## - LOCALLY ASSIGNED DEWEY DECIMAL CALL NUMBER
Número de clasificación 373.7
Número de ítem (Cutter) M722m 3ro. 2013-2014
100 1# - ASIENTO PRINCIPAL -- NOMBRE PERSONAL
Nombre personal Molina Moloon, Andrés
245 10 - MENCIÓN DE TITULO
Título Matemáticas 3 :
Subtítulo educación media /
Mención de responsabilidad Andrés Molina Moloon ; Víctor Liriano; Altagracia Santos
260 ## - PUBLICACIÓN, DISTRIBUCIÓN, ETC. (PIE DE IMPRENTA)
Lugar de publicación, distribución, etc Santo Domingo :
Nombre del editor, distribuidor, etc. Santillana,
Fecha de publicación, distribución, etc 2013-2014.
300 ## - DESCRIPCIÓN FÍSICA
Extensión 2v. :
Otros detalles físicos il., retrs. ;
Dimensiones 28 cm. +
Material complementario CD-ROM
490 1# - MENCIÓN DE SERIES
Mención de serie Innova
505 1# - NOTA DE CONTENIDO
Información miscelánea v.3. : 1er. grado / 2do. ciclo --
-- Primero semestre --
Título Sistemas de ecuaciones --
-- Sistemas de inecuaciones --
-- Vectores --
-- Matrices y determinantes --
-- Aprender a emprender --
-- La recta en el plano --
-- Estudio de las funciones --
-- Secciones cónicas --
-- Aprender a emprender --
Información miscelánea Segund semestre --
Título La circunferencia. Ángulos y arcos --
-- Áreas de figuras planas --
-- La función exponencial --
-- La función logarítmica --
-- Aprender a emprender --
-- Ecuaciones exponenciales y logarítmicas --
-- Las funciones trigonométricas --
-- Geometría del espacio --
-- Aprender a emprender --
650 ## - ENCABEZAMIENTO DE MATERIA--TEMÁTICO
Término temático o nombre geográfico como elemento de entrada MATEMATICAS
Subdivisión temática general ENSEÑANZA SECUNDARIA
650 ## - ENCABEZAMIENTO DE MATERIA--TEMÁTICO
Término temático o nombre geográfico como elemento de entrada EDUCACIÓN SECUNDARIA
Subdivisión temática general REPÚBLICA DOMINICANA
650 ## - ENCABEZAMIENTO DE MATERIA--TEMÁTICO
Término temático o nombre geográfico como elemento de entrada MATEMÁTICAS
Subdivisión temática general LIBROS DE TEXTOS
650 ## - ENCABEZAMIENTO DE MATERIA--TEMÁTICO
Término temático o nombre geográfico como elemento de entrada MATEMÁTICAS
Subdivisión temática general ESTUDIOS Y EJERCICIOS
700 12 - ASIENTO SECUNDARIO -- NOMBRE PERSONAL
Nombre personal Liriano, Víctor
700 12 - ASIENTO SECUNDARIO -- NOMBRE PERSONAL
Nombre personal Santos, Altagracia.
830 #0 - ASIENTO SECUNDARIO DE SERIE--TÍTULO UNIFORME
Título uniforme Innova
910 ## - VALIDACIÓN
Validación Validado. Control de calidad MFF
942 ## - ADDED ENTRY ELEMENTS (KOHA)
Source of classification or shelving scheme Dewey Decimal Classification
Koha item type Libros
945 ## - INFORMACIÓN DE PROCESAMIENTO LOCAL
Información de procesamiento local Remanejado para la BNPHU / 2018 BT
956 ## - LOCAL ELECTRONIC LOCATION AND ACCESS (OCLC)
Nombre de host YLOCKWARD
Número de acceso 10
Información de compresión 20150702
Inicio de sesión BND01
Procesador de solicitud 1304
956 ## - LOCAL ELECTRONIC LOCATION AND ACCESS (OCLC)
Nombre de host VMATEO
Número de acceso 10
Información de compresión 20150706
Inicio de sesión BPMSU
Procesador de solicitud 00151
Existencias
Withdrawn status Lost status Source of classification or shelving scheme Damaged status Not for loan Home library Current library Date acquired Source of acquisition Total Checkouts Full call number Barcode Date last seen Price effective from Koha item type Collection code Copy number
    Dewey Decimal Classification     Biblioteca Pública Metropolitana Salomé Ureña Biblioteca Pública Metropolitana Salomé Ureña 04/07/2016 Donación   373.7 M722m 3ro. , v.1 pt. 2, 2014 BPMSU16040202 04/07/2016 04/07/2016 Libros    
    Dewey Decimal Classification     Biblioteca Pública Metropolitana Salomé Ureña Biblioteca Pública Metropolitana Salomé Ureña 04/07/2016 Donación   373.7 M722m 3ro. , v.1 pt. 2, 2014 BPMSU16040526 04/07/2016 04/07/2016 Libros   ej. 2
    Dewey Decimal Classification     Biblioteca Pública Metropolitana Salomé Ureña Biblioteca Pública Metropolitana Salomé Ureña 04/18/2016     373.7 M722m 3ro. , v.2 pt. 2, 2013 Guía BPMSU16040527 04/18/2016 04/18/2016 Libros    
    Dewey Decimal Classification     Biblioteca Pública Metropolitana Salomé Ureña Biblioteca Pública Metropolitana Salomé Ureña 04/18/2016     373.7 M722m 3ro. , v.2 pt. 2, 2013 Guía BPMSU16040528 04/18/2016 04/18/2016 Libros   ej.2